000 00599nam a2200193 a 4500
005 20220608063525.0
008 991125s1982 es 000 0 spa u
020 _a8485252756
035 _aUPN01000038501
049 _aCG
050 4 _aLB1733
_bF5 no.14
100 1 _aPérez Orts, José
_929795
245 1 0 _aMétodo de escritura 3 :
_ba partir de los movimientos básicos /
_cJosé Pérez Orts.
260 _aMadrid :
_bCEPE,
_c1982.
300 _a31 p. :
_bil.
440 0 _aFichas de preescolar especial ;
_v14
650 4 _aEscritura
_xEstudio y enseñanza (Preescolar)
_91523
905 _aLibro
999 _c38501
_d38501